000 00753nas a2200253 4500
001 BR0808532
003 BR-BrBNA
005 20231205112849.0
007 ta
008 230509b bl.|||p| |||| 00| 00por d
040 _aBR-BrBNA
_bpor
_cBiblioteca Nacional de Agricultura
041 _a(Pt)
072 _aF02
100 1 _aPacheco, J.P.
100 1 _aFranco, E.T.H.
245 1 _aÁcido indolbutírico em diferentes diâmetros na estaquia de Luehea divaricata
650 _aPROPAGAÇÃO VEGETATIVA
650 _aMADEIRA
650 _aENRAIZAMENTO
650 _aAUXINA
773 0 _tCiência Rural (Brazil)
_xISSN 0103-8478
_g(Sep 2008), v. 38(6) p. 1624-1629
_wBR0808532
909 _a202311
_bLúcia
_c55
_dLúcia Elande
942 _2AGRIS
_n0
_cANA
999 _c200457
_d200457